000
00204 a2200097 4500
020
_a
9789501181241
041
_a
spa
100
_a
Editorial Sigmar
245
_a
Clasicos de Animales Juveniles
942
_c
BK
999
_c
28026
_d
28026